Marketingová štúdia produkcie spoločnosti KOMAG, a.s.Košice : Obh. 27.5.1998 /

Gespeichert in:
Bibliographische Detailangaben
1. Verfasser: Šimková, Andrea (Verfasst von)
Format: Manuskript Buch
Sprache:Slowakisch
Veröffentlicht: Bratislava : STU v Bratislave ChtF, 1998
Tags: Tag hinzufügen
Keine Tags, Fügen Sie das erste Tag hinzu!

MARC

LEADER 00000ntm a22000003a 4500
001 stu33833
005 20150617225733.6
008 980914s1998----xo------------------slo-d
040 |a STU  |b slo 
041 0 |a slo 
044 |a xo 
100 1 |a Šimková, Andrea  |4 aut 
245 1 |a Marketingová štúdia produkcie spoločnosti KOMAG, a.s.Košice :  |b Obh. 27.5.1998 /  |c [aut.]Šimková,Andrea 
260 |a Bratislava :  |b STU v Bratislave ChtF,  |c 1998 
300 |a 65 s :  |b Tab.,lit 
500 |a Zameranie: Manažment chem.a potr.priemyslu 
996 |b CD12587  |c C*D12587  |l CCI  |s A  |a 24  |w stu33833_0001